| 000 | 00891nam a22002417a 4500 | ||
|---|---|---|---|
| 003 | OSt | ||
| 005 | 20260530113918.0 | ||
| 008 | 260508b |||a|||| |||| 00| 0 eng d | ||
| 040 |
_aICI _bspa _cICI |
||
| 050 |
_aBF408 _b.U74 2019 |
||
| 100 | 1 |
_aUreña Ballado, María, _eautora. _934301 |
|
| 245 | 1 | 0 |
_aNeurodesign : _ba book to create whatever you want / _cMaría Ureña Ballado. |
| 300 |
_a46 páginas : _bilustraciones ; |
||
| 500 | _aObra sobre la aplicación de principios de neurociencia al proceso creativo del diseño. | ||
| 504 | _aIncluye referencias bibliográficas. | ||
| 650 | 0 |
_aNeurodiseño. _934302 |
|
| 650 | 0 |
_aCreatividad _xAspectos psicológicos. _934303 |
|
| 650 | 0 |
_aDiseño _xProcesos cognitivos. _934304 |
|
| 650 | 0 |
_aNeurociencia aplicada al diseño. _934305 |
|
| 650 | 0 |
_aInnovación creativa. _934306 |
|
| 650 | 0 |
_aPensamiento visual. _934307 |
|
| 942 |
_2lcc _cBK _n1 |
||
| 999 |
_c12347 _d12347 |
||